Geography Quiz

Random Geography or World Quiz

Second Largest Cities Quiz Stats

 Plays Quiz not verified by Sporcle

Score 0/194 Timer 20:00
0 Plays Today
Country 2nd Largest City % Correct
AustraliaMelbourne
79%
CanadaMontreal
76.6%
BrazilRio de Janeiro
75.9%
ChinaBeijing
75.9%
ItalyMilan
73.8%
GermanyHamburg
73.4%
EgyptAlexandria
73.1%
FranceMarseille
72.8%
BelgiumAntwerp
71.7%
IndiaDelhi
70.7%
IsraelTel Aviv-Yafo
70.7%
IrelandCork
69%
Netherlands Rotterdam
68.3%
RussiaSt. Petersburg
68.3%
EcuadorQuito
66.9%
MoroccoRabat
66.6%
PolandKraków
66.2%
SpainBarcelona
65.9%
BoliviaLa Paz
65.5%
GreeceThessaloniki
65.5%
PortugalPorto
63.4%
AustriaGraz
63.1%
United States of AmericaLos Angeles
63.1%
PakistanLahore
62.4%
United KingdomBirmingham
62.1%
PhilippinesManila
61.7%
TurkeyAnkara
61.4%
New ZealandChristchurch
60.3%
SwitzerlandGeneva
60.3%
MexicoGuadalajara
59.7%
BangladeshChittagong
59%
ArgentinaCórdoba
58.6%
South AfricaDurban
57.9%
NorwayBergen
57.6%
CroatiaSplit
56.9%
LiechtensteinVaduz
56.9%
CameroonYaoundé
56.2%
VietnamHanoi
56.2%
ColombiaMedellín
55.5%
Czech RepublicBrno
55.5%
DenmarkÅrhus
55.2%
SwedenGothenburg
54.5%
Japan Yokohama
54.1%
AlgeriaOran
53.1%
Sudan Khartoum
52.1%
South KoreaBusan
51.4%
Saudi ArabiaJeddah
51.4%
AfghanistanKandahar
50.7%
Fiji Suva
50%
SyriaAleppo
50%
LibyaBenghazi
49.3%
MalaysiaKuala Lumpur
48.6%
Finland Espoo
48.3%
KenyaMombasa
47.9%
IraqMosul
46.9%
BruneiBandar Seri Begawan
45.2%
BulgariaPlovdiv
43.8%
AlbaniaDurrës
43.4%
IndonesiaSurabaya
42.8%
Bosnia and HerzegovinaBanja Luka
41.7%
Democratic Republic of the CongoLubumbashi
41.4%
HungaryDebrecen
41.4%
UkraineKharkiv
41%
Equatorial GuineaMalabo
40%
IranMashhad
39.7%
Country 2nd Largest City % Correct
MicronesiaPalikir
38.6%
NigeriaIbadan
38.6%
EstoniaTartu
37.9%
CyprusLimassol
37.6%
SloveniaMaribor
36.9%
BelarusHomel
36.6%
LithuaniaKaunas
36.2%
SwazilandMbabane
36.2%
SerbiaNovi Sad
35.9%
CubaSantiago de Cuba
35.2%
MyanmarMandalay
35.2%
Ghana Kumasi
34.1%
VenezuelaMaracaibo
33.8%
LatviaDaugavpils
32.1%
KyrgyzstanOsh
31.4%
LebanonTripoli
31%
MoldovaTiraspol
31%
RomaniaCluj-Napoca
31%
YemenAden
31%
AngolaCabinda
30%
MalawiBlantyre
29.7%
SlovakiaKošice
29.7%
AzerbaijanGanja
29.3%
EthiopiaDire Dawa
29%
PeruArequipa
27.6%
TunisiaSfax
27.6%
BahamasFreeport
25.9%
SomaliaHargeisa
25.2%
TaiwanKaohsiung
25.2%
HondurasSan Pedro Sula
24.8%
IcelandAkureyri
24.1%
BotswanaFrancistown
23.8%
GabonPort-Gentil
23.4%
United Arab EmiratesSharjah
23.4%
ArmeniaGyumri
22.8%
AndorraLes Escaldes
22.4%
Burkina FasoBobo-Dioulasso
22.4%
ZimbabweBulawayo
22.4%
Republic of the CongoPointe-Noire
22.1%
GeorgiaKutaisi
22.1%
LuxembourgEsch-sur-Alzette
22.1%
UruguaySalto
21%
CambodiaBattambang
20.7%
North KoreaHamhung
20.7%
Antigua and BarbudaAll Saints
20.3%
Central African RepublicBimbo
20.3%
Papua New GuineaLae
20.3%
JamaicaSpanish Town
19.3%
ParaguayCiudad del Este
19.3%
MadagascarToamasina
19%
El Salvador Santa Ana
18.3%
NigerZinder
18.3%
Côte d'IvoireBouaké
17.9%
TurkmenistanTürkmenabat
17.9%
BelizeSan Ignacio
17.6%
Costa RicaLimón
17.6%
Dominican RepublicSantiago de los Caballeros
17.6%
JordanZarqa
17.2%
BarbadosSpeightstown
16.9%
GuatemalaQuetzaltenango
16.9%
Sierra LeoneBo
16.9%
ChadMoundou
16.6%
MaltaMosta
16.6%
BhutanPhuntsholing
15.9%
Djibouti'Ali Sabieh
15.5%
Country 2nd Largest City % Correct
KazkhstanShymkent
15.5%
PanamaDavid
15.5%
HaitiGonaïves
15.2%
KosovoPeje
15.2%
MacedoniaKumanovo
15.2%
MongoliaErdenet
15.2%
Cape VerdeMindelo
14.8%
MontenegroNikšić
14.8%
GuyanaLinden
14.5%
MaliSikasso
14.5%
NepalPokhara
14.5%
South SudanYei
14.5%
TanzaniaMwanza
14.5%
ZambiaNdola
14.5%
ChilePuente Alto
14.1%
BahrainRiffa
13.8%
The GambiaBrikama
13.8%
EritreaAssab
13.4%
OmanSalalah
13.4%
BeninAbomey-Calavi
13.1%
LaosPakxe
12.8%
MozambiqueNampula
12.8%
SurinameLelydorp
12.8%
Trinidad and TobagoSan Fernando
12.8%
Timor-LesteDare
12.4%
San MarinoBorgo Maggiore
12.4%
DominicaCanefield
12.1%
SenegalThiés
12.1%
TajikistanKhujand
11%
BurundiMuyinga
10.7%
GuineaGuéckédou
10.7%
NamibiaRundu
10.7%
ComorosMutsamudu
10.3%
St. Vincent and the GrenadinesGeorgetown
10%
KuwaitAl Jahra
9.7%
Lesotho Hlotse
9.3%
Marshall IslandsEbeye
9.3%
MauritiusBeau Bassin-Rose Hill
9%
MonacoLa Condamine
9%
RwandaRuhengeri
9%
St. Kitts and NevisCharlestown
9%
GrenadaGouyave
8.6%
MaldivesHithadhoo
8.6%
UgandaGulu
8.6%
Liberia Ganta
8.3%
SeychellesAnse Etoile
8.3%
UzbekistanNamangan
8.3%
St. LuciaVieux Fort
7.9%
Solomon IslandsAuki
7.9%
ThailandSamut Prakan
7.9%
NicaraguaLeón
7.2%
TongaMu'a
7.2%
MauritaniaKiffa
6.9%
QatarAl Khor
6.9%
TogoSokodé
6.6%
Guinea-Bissau Gabú
6.2%
NauruDenigomudu
6.2%
PalauAirai
5.9%
SamoaVaitele
5.5%
Sri LankaDehiwala-Mount Lavinia
5.5%
KiribatiTaburao
4.5%
VanuatuLuganville
4.5%
São Tomé and PríncipeTrindade
4.1%
TuvaluAsau
4.1%

You're not logged in!

Compare scores with friends on all Sporcle quizzes.
OR
Log In

Show Comments

Extras

Top Quizzes Today


Score Distribution

Your Account Isn't Verified!

In order to create a playlist on Sporcle, you need to verify the email address you used during registration. Go to your Sporcle Settings to finish the process.

Report this User

Report this user for behavior that violates our Community Guidelines.

Details: